Geometría analítica

Bibliographic Details
Main Author: Steen, Frederick
Format: Section = Libro
Language:Undetermined
Spanish
Published: México Cultural 1966
Subjects:
LEADER 00509nam a2200205Ia 4500
008 240829s9999 xx 000 0 und d
040 |a BIBLIOTECA-RUPAP 516.3 S799 
041 |a spa 
082 |a 516.3 S799 
100 1 |a Steen, Frederick  
245 1 0 |a Geometría analítica 
260 |a México  |b Cultural  |c 1966 
300 |a 350 p. :il. 
650 7 |a SECCIONES CONICAS 
650 7 |b  CURVAS 
650 7 |c  SUPERFICIES 
650 7 |d  Ballou, Donald I. Tít. 
942 |c BK  |2 ddc 
991 |a TEXTO 
999 |c 8173